[Event "New York op"]
[Site "New York"]
[Date "1997.??.??"]
[Round "?"]
[White "Aleksandrov, Aleksej"]
[Black "Krasenkow, Michal"]
[Result "0-1"]
[WhiteElo "2615"]
[BlackElo "2615"]
[Annotator "Krasenkow,M"]
[PlyCount "114"]
[EventDate "1997.04.02"]
[EventType "swiss"]
[EventRounds "9"]
[EventCountry "USA"]
[SourceTitle "CBM 057 Extra"]
[Source "ChessBase"]
[SourceDate "1997.05.01"]
[SourceVersion "1"]
[SourceVersionDate "1997.05.01"]
[SourceQuality "1"]

1. c4 c5 2. Nc3 Nc6 3. g3 g6 4. Bg2 Bg7 5. d3 e6 6. e4 Nge7 7. h4 $146 (7. Nge2
) 7... h6 8. Be3 Nd4 9. Nge2 Nec6 10. a3 d6 11. Rb1 a5 $11 12. Nf4 $6 Rb8 13.
O-O O-O (13... b5 $6 14. cxb5 Nxb5 15. Nxb5 Rxb5 16. Qa4 Ba6 17. b4 cxb4 18.
axb4 O-O 19. bxa5 Qxa5 20. Qxa5 Rxa5 21. Rb6 $132) 14. a4 Nb4 15. Nb5 b6 $15 {
/\Kh7,f5} 16. Qd2 Kh7 17. Bxd4 $2 (17. Ne2 e5 $15) 17... cxd4 18. Ne2 e5 19. f4
h5 $1 $17 20. Rf2 (20. f5 Bh6 21. Qd1 g5 $1) 20... Bh6 21. Rbf1 Bg4 22. Bf3
Bxf3 23. Rxf3 f5 24. Nc1 (24. exf5 Rxf5 $17) 24... Rb7 25. Qg2 Rbf7 26. Nb3 Qe7
{xe4} 27. Re1 fxe4 28. Rxe4 Qd7 29. Nd2 exf4 $2 (29... Nc6 $1 {/\30...exf4} 30.
fxe5 Nxe5 31. Rxf7+ Rxf7 32. Nxd4 Nxd3 $19) 30. Nxd4 d5 $2 (30... fxg3 31. Ne6
Re8 32. Ng5+ Bxg5 33. hxg5 Ref8 $17) 31. cxd5 Qxd5 32. Ne6 Rc8 33. Nxf4 (33.
Qe2 $5 $13) 33... Bxf4 34. Rfxf4 Rc1+ (34... Rxf4 35. gxf4 (35. Rxf4 Qxg2+ 36.
Kxg2 Rc2 37. Rf2 Nxd3 $19) 35... Qxd3 (35... Rc2 $2 36. Re7+ Kh8 37. Qe4 $16)
36. f5 Rc1+ 37. Kh2 Qd6+ 38. Kh3 gxf5 39. Re8 Qd3+ 40. Nf3 Qf1 41. Re7+ $11)
35. Nf1 (35. Kh2 $142 Rxf4 (35... Nxd3 36. Rxf7+ Qxf7 37. Nf3) 36. gxf4 Rc2 37.
Re7+ Kh8 38. Qe2 Nxd3 $13) 35... Nxd3 36. Rxf7+ Qxf7 37. Qe2 Nc5 38. Rf4 (38.
Re7 $4 Rxf1+ 39. Kg2 Rf2+) 38... Qd7 39. g4 $4 $138 (39. Qf2 Kg7 40. Qe3 $11)
39... Nd3 40. Re4 (40. Qd2 hxg4) 40... Re1 $19 41. Qg2 Rxe4 42. Qxe4 Nc5 (42...
Qxg4+ 43. Qxg4 hxg4 44. b3 Nc5 45. Nd2) 43. Qe5 Qxg4+ 44. Ng3 Qxh4 45. Qc7+ Kh6
46. Nf5+ gxf5 47. Qxb6+ Kg5 48. Qxc5 (48. Qd8+ Kg4 49. Qd1+ Kf4 50. Qc1+ Kf3
51. Qf1+ (51. Qc3+ Kg4) 51... Ke3 52. Qc1+ Kd4 $19) 48... Qe1+ 49. Kg2 h4 50.
Qa7 Qe4+ 51. Kf2 Qc2+ 52. Ke3 $6 f4+ 53. Kf3 Qd3+ 54. Kf2 Qe3+ 55. Qxe3 fxe3+
56. Kxe3 Kg4 57. Kf2 h3 (57... h3 58. Kg1 Kg3 59. Kh1 h2 $19) 0-1

[Event "Asti op 17th"]
[Site "Asti"]
[Date "1996.10.10"]
[Round "6"]
[White "Krasenkow, Michal"]
[Black "Kosten, Anthony C"]
[Result "1/2-1/2"]
[WhiteElo "2605"]
[BlackElo "2525"]
[Annotator "Krasenkow,M"]
[PlyCount "76"]
[EventDate "1996.10.??"]
[EventType "swiss"]
[EventRounds "9"]
[EventCountry "ITA"]
[SourceTitle "CBM 057"]
[Source "ChessBase"]
[SourceDate "1997.04.01"]
[SourceVersion "1"]
[SourceVersionDate "1997.04.01"]
[SourceQuality "1"]

1. c4 c5 2. Nc3 Nc6 3. g3 g6 4. Bg2 Bg7 5. a3 a6 6. Rb1 Rb8 7. b4 cxb4 8. axb4
b5 9. c5 $6 a5 10. Ba3 axb4 11. Bxb4 Nh6 $1 $146 (11... Nxb4) 12. Nf3 O-O 13.
O-O (13. d4 Nf5 14. e3 d6 15. cxd6 Nxb4 16. Rxb4 Nxd6 $15 {o^b5}) 13... Nf5 $1
14. g4 $6 {׻} (14. e3 $15) 14... Nh6 15. h3 f5 $1 16. g5 Nf7 17. d4 e6 $3 {
xg5,|^>>} (17... d6 18. cxd6 Nxb4 19. Rxb4 Nxd6 20. Ne5 $36) 18. Qd2 $6 (18. h4
$142 h6 $1) 18... Bb7 $1 19. h4 (19. Nxb5 Ba6 $1) 19... h6 20. gxh6 Bxh6 21.
Qd3 Nxb4 (21... e5 $5) 22. Rxb4 Bxf3 23. Qxf3 Qxh4 24. Nxb5 e5 (24... Bf4 25.
Qh3 Qf6 26. e3 Ng5 27. Qh1 Bc7 (27... Kg7 28. exf4 Rh8 29. Qxh8+ Rxh8 30. fxg5
$13) 28. f4 Nf7 29. Qh2 $13) (24... Ng5 $5 25. Qg3 Qxg3 26. fxg3 Ne4 27. Bxe4
fxe4 $15) 25. Qh3 $1 Qxh3 $6 (25... Qe7 $5 $15) 26. Bxh3 exd4 27. Rfb1 Rfc8 (
27... Rbc8 28. Rxd4 Rxc5 29. Rxd7 Rb8 30. Rxf7 $1) 28. Nd6 $1 Rxb4 29. Rxb4
Nxd6 (29... Rxc5 30. Nxf7 Kxf7 31. Rxd4) 30. cxd6 Bg7 31. Rb7 Rd8 32. Bg2 Kf7 (
32... Be5 33. Rb5 $1 Bxd6 34. Rb6 $10) (32... Bf8 33. Bd5+ Kh8 34. Bf7 Kg7 35.
Be6 $10) 33. Ra7 $1 Ke6 34. Ra8 Rxa8 35. Bxa8 Kxd6 36. Bb7 $10 g5 37. Bc8 g4
38. Kg2 Kc7 1/2-1/2

[Event "EU-ch 12th"]
[Site "Aix les Bains"]
[Date "2011.03.28"]
[Round "7"]
[White "Reinderman, Dimitri"]
[Black "Jobava, Baadur"]
[Result "0-1"]
[WhiteElo "2601"]
[BlackElo "2707"]
[Annotator "Marchand,A/Primel,D"]
[PlyCount "132"]
[EventDate "2011.03.22"]
[EventType "swiss"]
[EventRounds "11"]
[EventCountry "FRA"]
[SourceTitle "CBM 142 Extra"]
[Source "ChessBase"]
[SourceDate "2011.06.27"]
[SourceVersion "1"]
[SourceVersionDate "2011.06.27"]
[SourceQuality "1"]
[TimeControl "40/5400+30:1800+30"]

1. c4 Nf6 2. g3 g6 3. Bg2 Bg7 4. Nc3 O-O 5. e4 c5 6. Nge2 Nc6 {[%csl Gd4]} 7.
d3 d6 8. O-O (8. Rb1) 8... a6 9. h3 Rb8 10. a4 Ne8 11. Be3 Bd7 (11... Nc7 12.
d4 cxd4 13. Nxd4 Ne6 14. Nde2) 12. d4 b6 (12... cxd4 {La grande ligne} 13. Nxd4
Nc7 14. Kh2 Ne6 15. Nde2 Na5 16. b3 b5 17. cxb5 axb5 18. b4 Nc4 19. Ba7 bxa4
20. Bxb8 Qxb8 21. Nd5 Re8 22. Ra2 Nd8 23. Qc2 e6 24. Ndf4 Nb6 25. Rc1 Nc6 26.
Nd3 Na7 27. Qd2 Bb5 28. Nc3 Bc4 29. Nxa4 Bxa2 30. Qxa2 Nd7 31. Nab2 h5 32. h4
Nb5 {Alekseev,E (2632)-Mamedyarov,S (2674)/Istanbul 2005/CBM 109 ext/0-1 (46)})
13. b3 {85} (13. d5 Nb4 14. Qd2) 13... Nc7 {87} 14. Ra2 $5 $146 {[%cal Gd4e5,
Ga2d2,Gd2d7,Gf2f4,Ga2f2] 81} (14. Qd2 Qc8 15. Kh2 {Bauduin,E (2249)-Chabanon,J
(2459) FRA-chT1 1011 2010 (2.3) 0-1}) 14... e5 {86} 15. dxe5 dxe5 16. f4 {73} (
16. Rd2 Nd4 $11 {[%csl Gd4]}) 16... Nd4 {[%csl Gd4] 83} 17. fxe5 {63} (17. Nd5
Nxd5 18. cxd5) 17... Bxe5 {82 Les Noirs continuent de suivre la préparation
maison} 18. Bh6 (18. Rd2) 18... Re8 19. Nf4 {[%csl Gd5][%cal Ga2f2]} b5 20.
axb5 {44} axb5 {73} 21. Nd3 $1 {Les Blancs ont réussi а détruire le fort
centre Noir et la position est équilibrée mais en contrepartie, le P"e4" s'est
affaibli} (21. Kh2 {[%csl Rg3]} bxc4 22. bxc4 Be6 {[%csl Rc4]} 23. Nxe6 Ncxe6
$132) 21... Bxg3 {63} 22. Nxc5 Be5 {[%csl Re4,Ge5][%cal Gd8h4,Gh4h6,Gh4g3]} 23.
Raf2 (23. Be3 Bc6 24. Nd5 Nce6 25. Ra7 {[%csl Rf7]} (25. Nxe6 Nxe6 26. Qf3 {
[%csl Rf7]}) 25... bxc4 (25... Nxc5 26. Bxd4) 26. bxc4 Nxc5 27. Bxd4 Rb1 $3 28.
Qxb1 Bxd4+) 23... Bxh3 $132 {[%csl Ge5][%cal Gd8h4]} 24. Bxh3 (24. Nd3 Bg3 25.
Bxh3 Qh4 26. Kg2 bxc4 27. bxc4 Bxf2 28. Nxf2 Qxh6 29. Qxd4 Ne6 $15 {[%csl Rg2]}
) 24... Qh4 25. Nd7 Qxh6 26. Qd3 bxc4 27. bxc4 Rbd8 28. Nxe5 (28. Nd5) 28...
Rxe5 29. Nd5 {17} Nxd5 {30} 30. cxd5 Nc6 31. Qf3 Rg5+ 32. Rg2 Rxg2+ 33. Kxg2
Qg5+ 34. Qg3 Qxg3+ 35. Kxg3 Ne5 36. Kf4 f6 37. Ke3 (37. Ra1 $5 Kg7 38. Ra7+ Kh6
39. Be6) 37... Kg7 38. Kd4 (38. Be6 h5) 38... h5 $17 {[%csl Gh5]} 39. Kc5 g5
40. Bf5 g4 41. Kb6 g3 42. Kc7 Ra8 43. d6 h4 44. Rh1 Nf3 45. Bh3 Ng5 46. Bf5 g2
47. Rg1 h3 $1 48. Bxh3 Nxh3 49. Rxg2+ Kf7 50. d7 Nf4 51. Rh2 Ne6+ 52. Kb7 Ra4
53. Rh7+ Kf8 54. Kc6 Rd4 55. Rh8+ Kg7 56. Rh4 Nd8+ 57. Kc7 Nf7 58. Rf4 Rc4+ 59.
Kb6 Nd8 60. Rf5 Rxe4 {Bizarrement, le plateau DGT n'a enregistré la partie que
jusqu'au 60ème coup alors qu'elle a duré 06 coups de plus} 61. Kc7 Ne6+ 62. Kd6
Kf7 63. Rd5 Ra4 64. Rd1 Ra6+ 65. Kd5 Ke7 66. Ke4 Nc5+ 0-1

[Event "EU-Cup 24th"]
[Site "Kallithea"]
[Date "2008.10.22"]
[Round "6"]
[White "Timofeev, Artyom"]
[Black "Yemelin, Vasily"]
[Result "1-0"]
[WhiteElo "2670"]
[BlackElo "2573"]
[Annotator "Marin,M"]
[PlyCount "83"]
[EventDate "2008.10.17"]
[EventType "team-swiss"]
[EventRounds "7"]
[EventCountry "GRE"]
[SourceTitle "CBM 127"]
[Source "ChessBase"]
[SourceDate "2008.11.13"]
[SourceVersion "1"]
[SourceVersionDate "2008.11.13"]
[SourceQuality "1"]
[WhiteTeam "Sarajevo Bosna"]
[BlackTeam "Finek Gazprombank"]
[WhiteTeamCountry "BIH"]
[BlackTeamCountry "RUS"]

1. g3 c5 2. Bg2 Nc6 3. c4 g6 4. Nc3 Bg7 5. a3 e6 {This is an approved way to
meet White's threat to start early queenside play.} 6. e4 $5 {Once Black has
defined his central structure, White delays his queenside action for a later
moment and transposes to a Botvinnik type of structure. If he had done this
one move earlier, Black could have continued symmetrically, with a highly
probable draw.} (6. b4 Nxb4 $1 7. axb4 cxb4 {leads to interesting positions,
where White has to play imaginatively in order to justify the material
sacrifice. See for instance Rasmussen,K (2435)-Filippov,V (2565)/Gistrup 1996/
CBM 055/[Ribli] (0-1, 41)}) 6... Nge7 ({Now,} 6... e5 $6 {would not be the
same because of} 7. b4 $36) 7. Nge2 O-O 8. O-O b6 {Black continues to ignore
the threat of b4.} ({Another critical line is} 8... d6 9. Rb1 a5 10. d3 {
Black faces some problems preventing both d4 and b4, but the evaluation of the
position remains open to discussion.} b6 (10... Rb8 11. Bg5 ({In the following
game, where the bishop was developed to e3 immediately with} 11. Be3 {, Black
allowed the other pawn break>} b6 12. d4 e5 $5 13. d5 Nd4 14. b4 axb4 15. axb4
Bd7 16. Qd3 Qc7 17. Rfc1 {and the strong centralized knight compensates for
White's advantage in space, Gurevich,M-Gritsak,O/Venacu 2006 (1-0, 41)}) 11...
h6 12. Be3 Nd4 13. b4 axb4 14. axb4 Nec6 15. b5 Ne7 16. Bd2 Nxe2+ 17. Qxe2 Ra8
18. Ra1 Bd7 19. Rfb1 Qb6 20. Qd1 Rfc8 21. Ra4 Qd8 22. Rba1 $14 {Ivkov,B (2520)
-Torre,E (2430)/Bauang 1973/EXT 2000 (1-0, 48). White has more space and
controls the only open file. At the same time, the black knight cannot reach
d4.}) 11. Be3 Nd4 (11... Ba6 {[%csl Gc4]} 12. b3 Rb8 13. d4 e5 14. dxe5 {
Since now the c4-pawn would be hanging compared to Gurevich's position, it
seems to make less sense to block the position.} dxe5 15. a4 Nd4 16. Rb2 f5 17.
Bg5 h6 18. Bxe7 Qxe7 19. Nd5 Qd6 20. Nxd4 cxd4 {1/2 Martinovic,S (2475)
-Psakhis,L (2500)/Sarajevo 1981/MCD}) 12. b4 (12. e5 {is inoffensive because of
} Rb8 13. exd6 Nef5 $1) 12... axb4 13. axb4 Ra6 14. h3 f5 15. f4 Bd7 16. Kh2
Qc7 {White controls more space with his pawns, but Black's central outpost and
the control of the a-file offer him adequate counterplay.} 17. Qd2 Nxe2 18.
Nxe2 Ra3 19. Rfc1 Nc6 20. bxc5 bxc5 21. exf5 Nb4 $6 (21... gxf5 {could lead to
general simplifications after} 22. d4 cxd4 23. Nxd4 Nxd4 24. Bxd4 Bxd4 25. Qxd4
Ra2 26. c5 Bc6 27. Rb2 Rxb2 28. Qxb2 Bxg2 29. cxd6 Qxd6 30. Qxg2 $11) 22. Nc3 (
22. Rxb4 $5 cxb4 23. fxe6 $44) 22... gxf5 23. d4 cxd4 $2 {Giving up the centre
for nothing.} (23... Rd8 $5) 24. Bxd4 Bxd4 25. Qxd4 $16 Na2 $6 26. Rb7 Qxb7 27.
Bxb7 Nxc1 28. Qd2 Ra7 29. Bg2 Nb3 30. Qxd6 {1-0 Raicevic,V (2490)-Lengyel,L 
(2420)/Sombor 1974/MCD. Black's pieces are lacking coordination. Among others,
there is a threat of Nd5.}) 9. Rb1 Bb7 10. b4 d6 11. d3 Qd7 12. Be3 Nd4 13. Qd2
{An important tabyia. Both sides have connected rooks and are close to the
completion of the mobilisation of their forces.} Rfe8 {Players with black
generally prefer to avoid the exchange of the dark-squared bishops, which
would weaken the kings position and the control over the d4-square.} ({
Optically speaking,} 13... Rad8 {looks the most natural continuation, but
Black faces some micro problems after} 14. Bh6 {for instance} Nxe2+ 15. Nxe2
Bxh6 16. Qxh6 cxb4 17. axb4 d5 {Miezis,N (2505)-Von Gleich,A (2340)/Bonn 1995/
EXT 97 (1-0, 35)} 18. exd5 exd5 19. c5 d4 20. Bxb7 Qxb7 21. Nf4 $14 {and
White's position is just a bit more active.}) (13... Nec6 {fails to maintain
the desired stability in the centre.} 14. b5 Ne7 (14... Nxe2+ 15. Nxe2 Nd4 16.
Nxd4 cxd4 17. Bh6 e5 18. Bxg7 Kxg7 19. f4 $14) 15. Bh6 Nxe2+ 16. Nxe2 d5 17.
Bxg7 Kxg7 18. exd5 exd5 19. Nf4 (19. d4 $5 $14 {, fighting for space, may be a
better try for a minimal, but stable advantage.}) 19... d4 20. Bxb7 Qxb7 $14 {
White's position is more pleasant, but Black managed to simplify and obtain a
draw in Miezis,N (2515)-Ionescu,C (2515)/Elista 1998/CBM 066 ext (1/2, 41)}) (
13... Rfd8 {is slightly trickier than the game continuation, but may simply
transpose.} 14. Bg5 $5 (14. Bh6 Bh8 15. Nxd4 {can now be answered with} Bxd4
16. Ne2 Bh8 17. d4 cxd4 18. Nxd4 d5 $1 $11 19. exd5 exd5 20. c5 Bxd4 21. Qxd4
Nf5 22. Qd2 Nxh6 23. Qxh6 bxc5 24. bxc5 Bc6 25. Rb4 d4 $132 {Knezevic,B (2320)
-Manakova,M (2175)/Skopje 1993/EXT 2005 (1/2, 40). Compare with a similar line
below, with the king's rook on e8.}) 14... Re8 (14... f6 15. Be3) 15. Nxd4 (15.
Bh6 Bh8 16. Nxd4 cxd4 17. Ne2) 15... cxd4 16. Ne2 f6 17. Bh6 e5 {Bohm,H (2385)
-Boersma,P (2380)/Hilversum 1985/EXT 2002 (1-0, 73)} 18. Bxg7 Kxg7 19. f4 $36)
14. Bh6 Bh8 15. Nxd4 cxd4 ({Here is the difference:} 15... Bxd4 16. Ne2 Bh8 17.
d4 cxd4 18. Nxd4 d5 19. exd5 exd5 20. c5 Bxd4 21. Qxd4 Nf5 22. Bh3 $1 {The
black queen is not defended, allowing this pin which keeps the game alive.}
Nxd4 23. Bxd7 Re7 24. Ba4 Ne2+ 25. Kg2 Nc3 26. c6 Ba6 27. b5 Nxa4 28. bxa6 Rc8
29. Rbc1 Rec7 30. Rfd1 Nc5 31. Rxd5 Rxc6 32. a4 $14 {Kopal,J (2120)-Vales,V/
Klatovy 1995/EXT 97 (1-0, 63). White has some pressure on both wings, which
makes Black's position slightly dangerous.}) 16. Ne2 {Black has more space in
the centre, but on the wings White has the more flexible structure. One
important question is how the players will manage to activate their pieces 
(for instance, the knights or the b7-bishop), since they do not have many
available squares. As usual in the Closed English, the evaluation of the
position remains uncertain, somewhere between equality and more pleasant play
for White.} f5 $146 ({The attemot to activate the b7-bishop with} 16... d5 {
fails to} 17. exd5 exd5 18. c5 $1 Rac8 19. Rfc1 Nf5 20. Bf4 Re6 {De la Cruz,A 
(2205)-Vera,R (2485)/Alcobendas 1994/EXT 2000 (0-1, 38)} 21. Bh3 $5 $14 Rce8
22. Bxf5 gxf5 23. Re1 Bf6 24. Bd6 $16 {[%cal Ge2f4]}) (16... a5 $6 {just opens
the b-file for White's major pieces.} 17. bxa5 bxa5 18. Rb6 Nc8 19. Rb5 Qc7 20.
Rfb1 Bc6 21. R5b3 Qa7 22. Qb2 $14 {Soos,B-Geller,E/Varna 1964 (1-0, 57)}) 17.
Nf4 e5 18. Nh3 {Not a good square for the knight, but White probably thought
that the black knight would have an even worse fate.} ({The more natural} 18.
Nd5 {may be simply better. Despite the exchange of knights, Black's queen's
bishop would be considerably more passive than his rival from g2.} Nxd5 19.
cxd5 Rac8 20. f4 fxe4 21. Bxe4 exf4 22. Qxf4 $36 {and White has an extra piece
for his kingside attack.}) 18... Bg7 19. Bxg7 Kxg7 20. exf5 Bxg2 {An important
intermediate exchange, preventing White from driving the black queen away from
the centre.} (20... gxf5 21. Bxb7 $1 Qxb7 22. f4 {[%csl Gf5]} Rf8 (22... e4 $2
23. dxe4 {[%csl Gd4]}) 23. c5 $1 $36 {[%csl Gb7]}) (20... Nxf5 21. Bxb7 Qxb7
22. Ng5 $14 {[%cal Gg5e4]}) 21. f6+ $1 {An equally important intermediate
check.} (21. Kxg2 gxf5 22. f4 Ng6 $11 {[%csl Gf5]}) 21... Kxf6 22. Kxg2 Kg7 (
22... h6 $5 {would be an interesting attempt to keep the white knight out of
play.} 23. Qxh6 (23. f4 Kg7 24. fxe5 dxe5 25. Nf2 Nf5 26. Rbe1 Ne3+ 27. Rxe3
dxe3 28. Qxe3 Rad8 {and White's compensation should not suffice for more than
a draw.}) 23... Rh8 24. Qg5+ Kg7 25. g4 (25. Ng1 Qb7+ 26. f3 Nf5 $36) 25...
Qb7+ 26. f3 Raf8 $44) 23. Ng5 Rf8 24. Rbe1 h6 25. Ne4 {White has reached
stability in the centre, but Black's advantage in space and the weakness of
the c3-square keep the balance even.} Rf5 (25... d5 26. cxd5 Nxd5 $11) 26. Kg1
(26. f4 d5 {[%csl Ge3]}) 26... d5 27. g4 $5 {An unusual way to fight for the
initiative. By driving the rook away from f5, White intends to weaken the
e5-pawn (and clear the g3-square for his knight as well).} (27. cxd5 $11) 27...
Rf7 28. Ng3 dxc4 29. dxc4 Qxg4 30. Rxe5 Rd8 31. f3 Qh3 32. Re4 Nf5 $6 (32... d3
33. Re3 Nf5 34. Nxf5+ Rxf5 {White cannot capture the pawn with} 35. Rxd3 {
because of} Rxd3 36. Qxd3 Rg5+ 37. Kf2 Qxh2+ $40) 33. Nxf5+ Rxf5 34. Rxd4 {
But now, this capture is possible, because a re-capture would be with check.}
Rdf8 (34... Rg5+ 35. Qxg5 hxg5 36. Rxd8 g4 37. Rd3 g3 38. Rd2 {offers White
some chances for stabilizing the position.}) (34... Rxd4 35. Qxd4+ {[%csl Rg7]}
) 35. Rf2 $14 Rxf3 $2 36. Rd7+ $40 R3f7 37. Qd4+ Kg8 38. Rfxf7 Rxf7 39. Rd8+
Rf8 40. Qd5+ Kg7 41. Rd7+ Kf6 42. Rd6+ 1-0